| 000 | 00740cab a2200253 4500 | ||
|---|---|---|---|
| 001 | WB3101-21 | ||
| 008 | 090401t1994 xxu||||| |||| 00| 0 eng d | ||
| 035 | _a(Sirsi) u61432 | ||
| 041 | _aeng | ||
| 245 | _aGiant Oxfordshire airport proposed | ||
| 260 | _c1994 | ||
| 350 | _a0 | ||
| 490 |
_aTimes _v28 December 1994, 5(1) |
||
| 520 | _aPlans for a regional airport in the Oxfordshire countryside have been submitted to the Department of Transport. Map. | ||
| 650 | _aABINGDON | ||
| 650 | _aAIRPORT DEVELOPMENT | ||
| 650 | _aAIRPORTS | ||
| 650 | _aLOX PROJECT | ||
| 650 | _aVALE OF THE WHITE HORSE | ||
| 690 | _aPROPERTY-PROPERTY DEVELOPMENT | ||
| 690 | _aTRANSPORT AND COMMUNICATIONS | ||
| 942 | _n0 | ||
| 948 | _c04/03/1997 | ||
| 999 |
_c38057 _d38057 |
||